| 000 -LEADER |
| fixed length control field |
00862cam a22002654a 4500 |
| 001 - CONTROL NUMBER |
| control field |
4754 |
| 003 - CONTROL NUMBER IDENTIFIER |
| control field |
BD-DhUAP |
| 005 - DATE AND TIME OF LATEST TRANSACTION |
| control field |
20210117142633.0 |
| 008 - FIXED-LENGTH DATA ELEMENTS--GENERAL INFORMATION |
| fixed length control field |
210106s2001 dcua b 000 0 eng |
| 020 ## - INTERNATIONAL STANDARD BOOK NUMBER |
| International Standard Book Number |
082134742X |
| 040 ## - CATALOGING SOURCE |
| Original cataloging agency |
DLC |
| Transcribing agency |
DLC |
| Modifying agency |
BD-DhUAP |
| Language of cataloging |
eng |
| 082 00 - DEWEY DECIMAL CLASSIFICATION NUMBER |
| Classification number |
330.91732 FAC |
| Edition number |
23 |
| 245 00 - TITLE STATEMENT |
| Title |
Facets of Globalization : |
| Remainder of title |
international and local dimensions of development / |
| Statement of responsibility, etc. |
edited by Shahid Yusuf, Simon Evenett and Weiping Wu. |
| 260 ## - PUBLICATION, DISTRIBUTION, ETC. |
| Place of publication, distribution, etc. |
Washington, D.C. : |
| Name of publisher, distributor, etc. |
World Bank, |
| Date of publication, distribution, etc. |
c2001. |
| 300 ## - PHYSICAL DESCRIPTION |
| Extent |
xv, 278 pages : |
| Other physical details |
illustrations ; |
| Dimensions |
28 cm. |
| 490 ## - SERIES STATEMENT |
| Series statement |
World Bank discussion paper ; |
| Volume/sequential designation |
415. |
| 504 ## - BIBLIOGRAPHY, ETC. NOTE |
| Bibliography, etc. note |
Includes bibliographical references. |
| 650 #0 - SUBJECT ADDED ENTRY--TOPICAL TERM |
| Topical term or geographic name entry element |
Urban economics. |
| 650 #0 - SUBJECT ADDED ENTRY--TOPICAL TERM |
| Topical term or geographic name entry element |
Economic development. |
| 650 #0 - SUBJECT ADDED ENTRY--TOPICAL TERM |
| Topical term or geographic name entry element |
Globalization. |
| 700 1# - ADDED ENTRY--PERSONAL NAME |
| Personal name |
Yusuf, Shahid. |
| 700 1# - ADDED ENTRY--PERSONAL NAME |
| Personal name |
Evenett, Simon J. |
| 700 1# - ADDED ENTRY--PERSONAL NAME |
| Personal name |
Wu, Weiping. |
| 942 ## - ADDED ENTRY ELEMENTS (KOHA) |
| Source of classification or shelving scheme |
|
| Koha item type |
Book |